00898nam a22002537a 450000500170000001000130001702000220003003500130005203700160006504000120008108200160009310000270010924500640013626000410020027000940024130000200033550000500035565000310040565000220043670000190045894200250047799900190050295201230052120170124105933.0 aB-217064 c00.00a8189161881 aB-217064 bCen Lib/Ret aDPLbEN a331.31bMAH aMahajan, Promila98717 aStatus of child labour /cby Promila Mahajan [and] S. Chand aNew DelhibAdhyayan Publishersc2006 a4378/4B, 105, J.M.D. House, Murari Lal Street, Ansari Road, Darya GanjbNew Delhie110002 a260p.c22cm(Hb) aIncludes bibliographical references and index aChild labor -- India98718 aChild labor97276 aChand,S.98719 2ddccENh331.31mMAH c123960d123960 00104070aLbLd2015-06-13eCen Lib/Retg0.00l0o331.31 MAHpB-217064r2015-06-13 00:00:00t1v0.00w2015-06-13yEN